000 01055nam a22002177a 4500
001 3698
003 FISKH
005 20240422142513.0
008 240422b cb ||||| |||| 00| 0 eng d
040 _aFISKH
_beng
_cFISKH
_dFISKH
050 _aPZ7
082 _a796.01
100 _aAnonymous
245 _aGopher :
_bThe leader in quality Physical Education, Athletics, and Fitness equipment /
260 _aOwatonna :
_bHealth Movies Mind,
_c2021.
300 _a604 pages :
_bcolor illustrations ;
_c27 cm
520 _aPersonal equipment packs to designed for teaching PE during challenging times. It is designed to promote physical activity and safety by providing every student their own set of equipment. Each My PE Pack configuration can be used in any setting and by student of all ages and abilities. My PE Packs includes access to free, easy- to - implement activities that stress physical distancing while avoiding the need to share equipment.
650 _aEducations
_vAthletics
_xTraining
942 _2ddc
_cBK
_n0
999 _c3698
_d3698